Sistema de justiça criminal / (Record no. 636)

MARC details
000 -LÍDER
Campo Fixo de Controle 01041nam a2200313 a 4500
001 - NÚMERO DE CONTROLE
Campo de Controle 636
003 - IDENTIFICAÇÃO DO NÚMERO DE CONTROLE
Campo de Controle BR-CuiBMT
005 - DATA E HORA DA ÚLTIMA ATUALIZAÇÃO
Campo de Controle 20231116223124.0
008 - DADOS FIXOS
Dados Fixos 231111s2018 dtb 000 0 por d
020 ## - INTERNATIONAL STANDARD BOOK NUMBER
Nº do ISBN 9788595270275
040 ## - AGÊNCIA CATALOGADORA
Código da Agência Catalogadora BR-CuiBMT
Agência que transcreveu o registro BR-CuiBMT
080 ## - Nº DA CLASSIFICAÇÃO DECIMAL UNIVERSAL
Nº edição CDU 2007
Nº Class. CDU 343.1
090 ## - NÚMERO DE CHAMADA
Nº classificação 343.1
Cutter S623
245 00 - TÍTULO PRINCIPAL
Título principal Sistema de justiça criminal /
Indicação de responsabilidade Daniel de Resende Salgado, Bruno Barros de Assunção, Natália Angélica Chaves Cardoso, coordenadores.
260 ## - PUBLICAÇÃO, DISTRIBUIÇÃO, ETC.
Local de publicação Brasilia :
Editora ESMPU,
Data 2018.
300 ## - DESCRIÇÃO FÍSICA
N. páginas ou volumes 422 p. ;
Ilustrações il. :
Dimensões 23 cm
490 1# - INDICAÇÃO DE SÉRIE
Título da série Série pós graduação ;
Volume/designação sequencial da série v. 4
500 ## - NOTAS GERAIS
Notas gerais Vários colaboradores.
504 ## - NOTA DE BIBLIOGRAFIA, ETC.
Nota de bibliografia Inclui bibliografia.
650 ## - ASSUNTO TÓPICO
Cabeçalho tópico ou nome geográfico Processo penal
650 ## - ASSUNTO TÓPICO
Cabeçalho tópico ou nome geográfico Delação premiada
650 ## - ASSUNTO TÓPICO
Cabeçalho tópico ou nome geográfico Investigação criminal
650 ## - ASSUNTO TÓPICO
Cabeçalho tópico ou nome geográfico Crime do colarinho branco
700 1# - ENTRADA SECUNDÁRIA -- NOME PESSOAL
Nome pessoal Assunção, Bruno Barros de
Cód. do termo explicativo coord.
700 1# - ENTRADA SECUNDÁRIA -- NOME PESSOAL
Nome pessoal Cardoso, Natália Angélica Chaves
Cód. do termo explicativo coord.
710 2# - ENTRADA SECUNDÁRIA -- ENTIDADE
Nome da entidade ou lugar Escola Superior do Ministério Público da União.
830 #0 - ENTRADA SECUNDÁRIA DE SÉRIE -- TÍTULO UNIFORME
Título uniforme Pós graduação ;
Nº do volume/designação sequencial da série 6
942 ## - ELEMENTOS DE ENTRADA ADICIONAIS (KOHA)
Fonte de classificação ou esquema de arquivamento Classificação Decimal Universal
Tipo de item do Koha Livros
Holdings
Estado: removido Estado: perdido Fonte de classificação ou esquema de arquivamento Estado: danificado Indisponível para empréstimo Localização permanente Localização atual Data de aquisição Total Checkouts Número de Chamada completo Código de barras Date last seen Número do exemplar Preço efetivo a partir de Tipo de item (Koha)
    Classificação Decimal Universal     Biblioteca da Escola Superior de Contas do TCE/MT Biblioteca da Escola Superior de Contas do TCE/MT 04/12/2018   343.1 S623 BIBTCEMT23110458 11/11/2023 Ex. 1 11/11/2023 Livros
    Classificação Decimal Universal     Biblioteca da Escola Superior de Contas do TCE/MT Biblioteca da Escola Superior de Contas do TCE/MT 04/12/2018   343.1 S623 BIBTCEMT23120609 15/12/2023 Ex. 2 11/11/2023 Livros

Powered by Koha